1993 1946 1697 1465 1170 1452 1554 1942 1051 1791 1045 1099 1123 1957 1196 1562 1133 1805 1078 1561 1553 1557 1466 1846 1776 1160 1967 1533 1789 1751 1507 1173 1821 1471 1248 1148 1045 1908 1205 1028 1389 1802 1449 1445 1824 1224 1509 1972 1376 1229 1475 1425 1084 1031 1086 1269 1248 1832 1406 1937 1474 1562 1558 1313 1977 1558 1921 1972 1316 1293 1062 1879 1635 1009 1989 1271 1106 1446 1366 1598 1302 1795 1138 1227 1769 1858 1084 1142 1447 1760 1097 1898 1864 1869 1102 1573 1622 1627 1133 BCNSPRNW ULIB Ver.6.0+V

เปลี่ยนเป็นภาษาไทย

Change to English
 แสดงรายละเอียดบรรณานุกรม
  กลับหน้าหลัก

Brief Record : Get Marc (ISO 2709) : E-mail record : QR code < ปิดหน้าต่าง
LEADER : 00000nam 2200000uu 4500
001    13399125947
003     ULIB
008    171121s2556||||th 000 0 tha d
020    ^a9786163270399
050 04 ^aA.^bจ535ห
100 0  ^aจิราภรณ์ วิหวา
245 10 ^aเหมียวอินเจแปน :^bทริปเที่ยวญี่ปุ่นแบบมุ่งแต่แมว /^cจิราภรณ์ วิหวา, สลิลา มหันต์เชิดชูวงศ์
250    ^aพิมพ์ครั้งที่ 1
260    ^aกรุงเทพฯ :^bโพลก้าดอต, ^c2556
300    ^a199, [8] หน้า :^bภาพประกอบสี ;^c17 ซม.
490 0  ^aหนังสือลายจุด ;^vลำดับที่ 035
500    ^aชื่อเรื่องจากปกนอก
650  7 ^aแมว^zญี่ปุ่น
651  7 ^aญี่ปุ่น^xภูมิประเทศและการท่องเที่ยว.
651  7 ^aญี่ปุ่น^xความเป็นอยู่และประเพณี.
700 0  ^aสลิลา มหันต์เชิดชูวงศ์
945    ^p0^l0^i003388
999    ^aประนอม เกษจรัล
รายการนี้ยังไม่มีแท็ก
คุณยังไม่ได้ล็อกอิน คุณสามารถมีกิจกรรมร่วมกับเว็บไซต์ได้ แต่ต้องล็อกอินก่อน ::
  ล็อกอิน

รายการสื่อสารสนเทศ

ลำดับที่ ประเภท เลขเรียก/บาร์โค้ด สถานที่ สถานะ
1. วิทยาศาสตร์การแพทย์ และสุขภาพ
วิทยาศาสตร์การแพทย์ และสุขภาพ
A. จ535ห ฉ.1 
  Barcode: 003388
ห้องสมุดวิทยาเขตสวรรค์ประชารักษ์
►หนังสือทั่วไป
บนชั้น

BibComment


ยังไม่เคยถูกคอมเมนท์

คอมเมนท์ทรัพยากรรายการนี้
  คอมเมนท์: เหมียวอินเจแปน ..


 Copyright 2026. Bcnsprnw @Library